Many hills to climb : (Record no. 131979)
[ view plain ]
| 000 -LEADER | |
|---|---|
| fixed length control field | 00766nam a22002535i 4500 |
| 001 - CONTROL NUMBER | |
| control field | in00024550000 |
| 003 - CONTROL NUMBER IDENTIFIER | |
| control field | ARRUPE |
| 005 - DATE AND TIME OF LATEST TRANSACTION | |
| control field | 20260513080905.0 |
| 008 - FIXED-LENGTH DATA ELEMENTS--GENERAL INFORMATION | |
| fixed length control field | 260414s2025 rh ab 000 0 eng |
| 010 ## - LIBRARY OF CONGRESS CONTROL NUMBER | |
| LC control number | 2026334274 |
| 020 ## - INTERNATIONAL STANDARD BOOK NUMBER | |
| International Standard Book Number | 97813779348241 |
| 040 ## - CATALOGING SOURCE | |
| Original cataloging agency | DLC |
| Language of cataloging | eng |
| Description conventions | rda |
| Transcribing agency | DLC |
| 042 ## - AUTHENTICATION CODE | |
| Authentication code | pcc |
| -- | lcode |
| 050 ## - LIBRARY OF CONGRESS CALL NUMBER | |
| Classification number | E184.A7 M55 2025 |
| 300 ## - PHYSICAL DESCRIPTION | |
| Other physical details | color illustrations, map : |
| Dimensions | 21 cm |
| 100 1# - MAIN ENTRY--PERSONAL NAME | |
| Personal name | Sachikonye, Lloyd. |
| 9 (RLIN) | 31977 |
| 245 10 - TITLE STATEMENT | |
| Title | Many hills to climb : |
| Remainder of title | a memoir / |
| Statement of responsibility, etc | Lloyd Sachikonye. |
| 260 ## - PUBLICATION, DISTRIBUTION, ETC. (IMPRINT) | |
| Place of publication, distribution, etc | Bulawayo |
| Name of publisher, distributor, etc | Lloyd Sachikonye |
| Date of publication, distribution, etc | 2025 |
| 300 ## - PHYSICAL DESCRIPTION | |
| Extent | 307 pages : |
| 504 ## - BIBLIOGRAPHY, ETC. NOTE | |
| Bibliography, etc | Includes bibliographical references (pages 299-304). |
| 906 ## - LOCAL DATA ELEMENT F, LDF (RLIN) | |
| a | 0 |
| b | ibc |
| c | origode |
| d | 2 |
| e | ncip |
| f | 20 |
| g | y-gencatlg |
| 942 ## - ADDED ENTRY ELEMENTS (KOHA) | |
| Source of classification or shelving scheme | Library of Congress Classification |
| Koha item type | Monograph ( Printed materials) |
| Withdrawn status | Lost status | Source of classification or shelving scheme | Damaged status | Not for loan | Collection code | Home library | Current library | Shelving location | Date acquired | Total Checkouts | Full call number | Barcode | Checked out | Date last seen | Date checked out | Price effective from | Koha item type |
|---|---|---|---|---|---|---|---|---|---|---|---|---|---|---|---|---|---|
| Library of Congress Classification | Main Collection | ARRUPE LIBRARY | ARRUPE LIBRARY | Main Collection | 13/05/2026 | 1 | E184.A7 M55 2025 | 46700000606 | 14/05/2026 | 14/05/2026 | 14/05/2026 | 13/05/2026 | Monograph ( Printed materials) |